| 000 | 00475cam a2200193 4500 | ||
|---|---|---|---|
| 001 | D9269 | ||
| 008 | 090401t1985 xxu||||| |||| 00| 0 eng d | ||
| 035 | _a(Sirsi) u18532 | ||
| 041 | _aeng | ||
| 050 | _a694.01 | ||
| 100 | _aSunley, John (ed) | ||
| 245 | _aTimber in construction | ||
| 260 |
_aLondon _bBatsford for TRADA _c1985 |
||
| 300 | _a218p. 32p. of plates. ill. 30cm | ||
| 350 | _a14.95 | ||
| 700 | _aBedding, Barbara (ed) | ||
| 942 | _n0 | ||
| 948 | _c04/03/1997 | ||
| 999 |
_c87601 _d87601 |
||